00973 2200337 4500001002100000005001500021035002000036007000300056040001700059100002300076245009500099250001100194300003900205504002600244020002200270041000800292082001000300084001600310090002100326264004000347336002100387337003000408338002300438500002900461650001100490850001000501008004100511700004700552990001800599990001800617INLIS00000000000581620260424105901 a0010-0322000060ta aSBPUPADbind0 aEmil S.ePengarang1 aUntung Berlipat dari Bisnis Buah Naga Unggul /cEmil S. ; editor, Theresia Arie Prabawati a.-ed 1 aiv, 133 hlm. :bilus. ;c13,5x20cm aBibliografi, hlm 133 a978-979-29-2591-30 aind a338.1 a338.1 EMI u a338.1 HAS d 10-2 a.--Yogyakarta :bAndi Offset,c2011 2rdacontentaTeks 2rdamediaaTanpa Perantara 2rdacarrieraVolume aprofil penulis: hlm, 135 4aBisnis aPUPAD260424 0  aeditor, Theresia Arie PrabawatiePengarang a14537/Br/2014 a14538/Br/2014